| 000 -LEADER |
| fixed length control field |
01217cam a2200301 i 4500 |
| 001 - CONTROL NUMBER |
| control field |
.b15812157 |
| 003 - CONTROL NUMBER IDENTIFIER |
| control field |
OSt |
| 005 - DATE AND TIME OF LATEST TRANSACTION |
| control field |
20230403093048.0 |
| 008 - FIXED-LENGTH DATA ELEMENTS--GENERAL INFORMATION |
| fixed length control field |
180713r20132003enka j 000 1 eng d |
| 020 ## - INTERNATIONAL STANDARD BOOK NUMBER |
| International Standard Book Number |
9780552556132 |
| Qualifying information |
(pbk.) : |
| 035 ## - SYSTEM CONTROL NUMBER |
| System control number |
(OCoLC)809214930 |
| Canceled/invalid control number |
(OCoLC)966020630 |
| 040 ## - CATALOGING SOURCE |
| Original cataloging agency |
CNEDM |
| Language of cataloging |
eng |
| Description conventions |
rda |
| Transcribing agency |
CNEDM |
| Modifying agency |
OCLCO |
| -- |
CNKFP |
| -- |
OCLCF |
| -- |
OCLCQ |
| -- |
CNGUL |
| -- |
NZCAP |
| -- |
OCLCO |
| -- |
OCL |
| -- |
NZEPN |
| -- |
OCLCQ |
| -- |
TWWZU |
| -- |
KH8 |
| 042 ## - AUTHENTICATION CODE |
| Authentication code |
nbic |
| 082 0# - DEWEY DECIMAL CLASSIFICATION NUMBER |
| Classification number |
823.92 WIL |
| 100 1# - MAIN ENTRY--PERSONAL NAME |
| Personal name |
Wilson, Jacqueline, |
| Relator term |
author. |
| 245 10 - TITLE STATEMENT |
| Title |
Lola Rose / |
| Statement of responsibility, etc. |
Jacqueline Wilson ; illustrated by Nick Sharratt. |
| 264 #1 - PRODUCTION, PUBLICATION, DISTRIBUTION, MANUFACTURE, AND COPYRIGHT NOTICE |
| Place of production, publication, distribution, manufacture |
London : |
| Name of producer, publisher, distributor, manufacturer |
Corgi Books, |
| Date of production, publication, distribution, manufacture, or copyright notice |
2013. |
| 264 #4 - PRODUCTION, PUBLICATION, DISTRIBUTION, MANUFACTURE, AND COPYRIGHT NOTICE |
| Date of production, publication, distribution, manufacture, or copyright notice |
©2003. |
| 300 ## - PHYSICAL DESCRIPTION |
| Extent |
322, 16 pages : |
| Other physical details |
illustrations ; |
| Dimensions |
20 cm. |
| 336 ## - CONTENT TYPE |
| Content type term |
text |
| Content type code |
txt |
| Source |
rdacontent. |
| 337 ## - MEDIA TYPE |
| Media type term |
unmediated |
| Media type code |
n |
| Source |
rdamedia. |
| 338 ## - CARRIER TYPE |
| Carrier type term |
volume |
| Carrier type code |
nc |
| Source |
rdacarrier. |
| 500 ## - GENERAL NOTE |
| General note |
Originally published in Great Britain by Doubleday. |
| 520 ## - SUMMARY, ETC. |
| Summary, etc. |
When 12-year-old Jayni, her mum and little brother have to run away from her abusive father, it starts off as a big adventure, but when the money runs out and she falls ill, Jayni's mum has second thoughts. |
| 650 #0 - SUBJECT ADDED ENTRY--TOPICAL TERM |
| Topical term or geographic name entry element |
Family violence |
| Form subdivision |
Juvenile fiction. |
| 700 1# - ADDED ENTRY--PERSONAL NAME |
| Personal name |
Sharratt, Nick, |
| Relator term |
illustrator. |
| 942 ## - ADDED ENTRY ELEMENTS (KOHA) |
| Source of classification or shelving scheme |
|
| Koha item type |
Books - Non Ficton |